Statystyki dla Części ciała po angielsku

Kliknij tutaj aby rozwiązać quiz!

Ogólne statystyki

  • Ten quiz został rozwiązany 26 razy
  • Średni wynik to 7 z 15

Statystyki odpowiedzi

WordOdpowiedź% Poprawnych
paznokiećnail
94%
łokiećelbow
72%
kciukthumb
72%
palec u nogitoe
67%
kostkaankle
50%
piętaheel
44%
nadgarstekwrist
44%
biodrohip
39%
udothigh
39%
talia,paswaist
39%
dłońpalm
33%
żebrorib
33%
przedramięforearm
28%
pośladekbuttock
22%
łydkacalf
11%

Rozkład punktacji

Percentyl według liczby udzielonych odpowiedzi

Procent ludzi z każdym wynikiem

Twoja historia wyników

Nie rozwiązałeś tego quizu